000 00448nam a22001577a 4500
003 OSt
005 20221031192124.0
008 221006b |||||||| |||| 00| 0 eng d
040 _cBiblioteca Lado V
082 _a750
_bH548p
100 _913
_aHerkenhoff, Paulo
_ecurador
245 _aPernambuco.Moderno/
260 _c2006
_aBrasil
_bInstituto Cultural Bandepe
300 _a131p.
_c27x27cm
942 _2ddc
_c1
_h750
_iH548p
_n0
999 _c2445
_d2445